Football clubs in Europe - Statistics

General Stats
  • This quiz has been taken 66 times
  • The average score is 49 of 65
Answer Stats
Logo Club % Correct
AC Milan Milan
100%
Inter Milan
100%
FC Barcelona Barcelona
98%
Atletico Madrid
97%
Real Madrid Madrid
97%
Borussia Dortmund Dortmund
95%
Benfica Lisbon
95%
Sporting CP Lisbon
95%
Arsenal London
95%
Chelsea London
95%
West Ham United London
95%
Tottenham Hotspur London
95%
Bayern Munich Munich
95%
Ajax Amsterdam
93%
Manchester City Manchester
93%
Manchester United Manchester
93%
Hamburger SV Hamburg
92%
Atletic Bilbao Bilbao
90%
FC Copenhagen Copenhagen
90%
Olympique Marseille Marseille
90%
Juventus Turin
90%
Eintracht Frankfurt Frankfurt
88%
PSG Paris
88%
Porto FC Porto
88%
Leicester City Leicester
87%
RB Leipzig Leipzig
87%
Liverpool Liverpool
87%
Monaco Monaco
87%
Napoli Naples
87%
Fenerbache Istanbul
85%
Galatasaray Istanbul
85%
LOSC Lille Lille
85%
FC Basel Basel
83%
Club Brugge Brugge
83%
Nottingham Forest Nottingham
83%
FC Valencia Valencia
83%
Girona Girona
82%
Newcastle Newcastle
82%
Lazio Roma
82%
AS Roma Roma
82%
Celtic Glasgow
80%
Rangers Glasgow
80%
Sevilla Sevilla
78%
Freiburg Freiburg
77%
VfB Stuttgart Stuttgart
77%
Bayer Leverkusen Leverkusen
75%
Toulouse FC Toulouse
73%
Royal Antwerp Antwerp
72%
SC Braga Braga
72%
Feyenoord Rotterdam
70%
Hajduk Split Split
70%
Aston Villa Birmingham
68%
PSV Eindhoven
68%
ACF Fiorentina Florence
63%
FC Villareal Villareal
53%
Atalanta Bérgamo
50%
BSC Young Boys Bern
50%
Hearts Edinburgh
43%
Real Sociedad San Sebastián
30%
LASK Linz
28%
FC Twente Enschede
25%
Olympiakos Piraeus
22%
Ferencvarosi Ferencváros
17%
PAOK Tessaloniki
2%
Torino Turijn
0%
No matching quizzes found
Score Distribution
Percent of People with Each Score
Percentile by Number Answered
Your Score History
You have not taken this quiz